陰陽座「甲賀忍法帖」の歌詞 - Statistics

General Stats
  • This quiz has been taken 69 times
  • The average score is 28 of 65
Answer Stats
% Correct
89%
88%
88%
88%
88%
88%
88%
73%
73%
73%
73%
64%
64%
64%
優しく
63%
57%
57%
震える
55%
下弦
54%
52%
52%
52%
52%
52%
52%
52%
52%
貫い
50%
48%
39%
あなた
39%
38%
38%
38%
覚え
38%
揺れる
36%
36%
36%
32%
32%
32%
32%
いる
32%
30%
叢雲
29%
宿ら
29%
29%
閉じ
29%
られ
27%
られ
27%
包む
23%
劇しく
23%
21%
21%
思い
21%
絡める
20%
非情
20%
20%
番う
16%
16%
嗚呼
16%
燻ぶ
13%
9%
9%
宿命め
2%
No matching quizzes found
Score Distribution
Percent of People with Each Score
Percentile by Number Answered
Your Score History
You have not taken this quiz